[Event "Tourn. n10086"]
[Site "www.echecsemail.com"]
[Date "2019.11.15"]
[Round "1"]
[White "Buchauer"]
[Black "Stepanpech"]
[WhiteElo "2860"]
[BlackElo "2560"]
[Result "1-0"]
[Round "1"]
1.d4 d5
2.c4 c6
3.Ng1f3 Ng8f6
4.Nb1c3 e6
5.e3 Nb8d7
6.Qd1c2 Bf8d6
7.Bf1d3 O-O
8.O-O dxc4
9.Bd3xc4 b5
10.Bc4d3 Bc8b7
11.e4 e5
12.h3 exd4
13.Nf3xd4 Nd7c5
14.Rf1d1 Qd8c7
15.Bc1g5 Bd6h2
16.Kh1 Bh2e5
17.Nd4f3 h6
18.Bg5h4 Be5xc3
19.bxc3 Nf6h5
20.Nf3d4 Ra8e8
21.f3 Nh5g3
22.Kg1 Qc7f4
23.Bh4xg3 Qf4xg3
24.Qc2f2 Qg3xf2
25.Kxf2 Nc5a4
26.Ra1c1 Re8d8
27.Bd3e2 Rd8d7
28.Nd4f5 Rd7xd1
29.Be2xd1 Rf8d8
30.Bd1xa4 bxa4
31.Ke3 c5
32.Rc1c2 f6
33.Rc2d2 Rd8xd2
34.Kxd2 Bb7a6
35.a3 Kf8
36.h4 Ba6f1
37.g3 Bf1a6
38.g4 Ba6b5
39.Nf5d6 Bb5a6
40.h5 Ke7
41.Nd6f5 Kf8
42.Ke3 Ba6b5
43.Nf5d6 Bb5a6
44.f4 Ba6f1
45.Nd6b7 c4
46.Nb7c5 Ke7
47.Nc5xa4 Bf1h3
48.Kf3 Bh3f1
49.Na4c5 Kd6
50.Nc5a6 Kd7
51.a4 Kd6
52.a5 Bf1d3
53.Na6b4 Bd3b1
54.Nb4d5 Ke6
55.Nd5e3 Bb1a2
56.Ne3f5 Kf7
57.Nf5d6 Ke6
58.Nd6b5 Ba2b3
59.Nb5xa7 Bb3d1
60.Kg3 Bd1a4
61.Na7c8 Ba4c6
62.Kf3 Bc6b7
63.Nc8b6 Bb7a6
64.Ke3 Kd6
65.Kd4 { resign }
1-0

[Event "Tourn. n10237"]
[Site "www.echecsemail.com"]
[Date "2019.11.15"]
[Round "1"]
[White "Iko"]
[Black "Nokia"]
[WhiteElo "1800"]
[BlackElo "1889"]
[Result "1-0"]
[Round "1"]
1.e4 g6
2.c3 Bf8g7
3.Ng1f3 c5
4.Qd1b3 Nb8c6
5.e5 Nc6xe5
6.Nf3xe5 Bg7xe5
7.g3  { time }
1-0

[Event "Tourn. n10157"]
[Site "www.echecsemail.com"]
[Date "2019.11.15"]
[Round "1"]
[White "Odin"]
[Black "Ranjachess"]
[WhiteElo "1810"]
[BlackElo "1940"]
[Result "1-0"]
[Round "1"]
1.e4 d5
2.exd5 Qd8xd5
3.Nb1c3 Qd5d8
4.Ng1f3 Bc8g4
5.h3 Bg4xf3
6.Qd1xf3 e6
7.Qf3xb7 Nb8d7
8.Bf1b5 Ng8f6
9.O-O Bf8d6
10.d3 h6
11.Rf1e1 O-O
12.Nc3e4 Bd6e5
13.f4 Be5d4
14.Kh1 Ra8b8
15.Qb7a6 Nf6xe4
16.dxe4 Nd7c5
17.Qa6a5 f5
18.Bb5c4 g6
19.c3 Nc5b7
20.Bc4xe6 Kg7
21.Qa5d5 Bd4b6
22.Qd5e5 Qd8f6
23.Be6b3 Rb8e8
24.Qe5d5 c6
25.Qd5d7 Re8e7
26.e5 Re7xd7
27.exf6 Rf8xf6
28.Bc1e3 Rd7e7
29.Be3xb6 Re7xe1
30.Ra1xe1 axb6
31.Re1e7 Kf8
32.Re7xb7 b5
33.Kh2 Rf6d6
34.Rb7h7 c5
35.Rh7xh6 c4
36.Bb3c2 Rd6d2
37.Bc2xf5 gxf5
38.Rh6f6 Ke7
39.Rf6xf5 Ke6
40.Rf5xb5 Kf6
41.a4 Ke6
42.a5 Kd6
43.a6 Kc6
44.a7 Rd2d8
45.Rb5a5 Rd8a8
46.f5 Kb6
47.Ra5a4 Ra8xa7
48.Ra4xc4 Kb5
49.Rc4f4 Kc6
50.f6 Ra7f7
51.g4 Kd6
52.Rf4f5 Ke6
53.Kg3 Rf7xf6
54.Rf5xf6 Kxf6
55.Kf4 Kg6
56.h4 Kh6
57.Kf5 Kg7
58.h5 Kh6
59.Kf6 Kh7
60.g5 Kh8
61.g6 Kg8
62.h6 Kh8
63.g7 Kg8
64.h7 Kxh7
65.Kf7 Kh6
66.g8Q Kh5
67.Kf6 Kh4
68.Kf5 Kh3
69.Kf4 Kh2
70.Kf3 Kh1
71.Qg8g2 
1-0

[Event "Tourn. n10247"]
[Site "www.echecsemail.com"]
[Date "2019.11.15"]
[Round "1"]
[White "Galiany17"]
[Black "Coolant"]
[WhiteElo "2600"]
[BlackElo "2330"]
[Result "1-0"]
[Round "1"]
1.e4 Nb8c6
2.d4 d5
3.e5 f6
4.Ng1f3 Bc8g4
5.Bf1b5 Qd8d7
6.Bc1e3 a6
7.Bb5xc6 Qd7xc6
8.O-O O-O-O
9.Nb1d2 e6
10.a4 Ng8e7
11.h3 Bg4h5
12.Rf1e1 Ne7f5
13.Be3f4 g5
14.Bf4h2 g4
15.hxg4 Bh5xg4
16.exf6 Bf8d6
17.Qd1e2 Nf5h4
18.Nf3e5 Bg4xe2
19.Ne5xc6 bxc6
20.Bh2xd6 cxd6
21.Re1xe2 Rh8g8
22.g3 { resign }
1-0

[Event "Match"]
[Site "www.echecsemail.com"]
[Date "2019.11.15"]
[Round "1"]
[White "Tbsundar"]
[Black "Apdash"]
[WhiteElo "2310"]
[BlackElo "2220"]
[Result "0-1"]
[Round "1"]
1.d4 Ng8f6
2.c4 g6
3.e3 Bf8g7
4.Ng1f3 O-O
5.Bf1e2 d6
6.b3 Nb8d7
7.Bc1b2 e6
8.Nb1d2 b6
9.O-O Bc8b7
10.Qd1c2 Ra8c8
11.Ra1d1 d5
12.cxd5 Nf6xd5
13.a3 c5
14.Qc2b1 cxd4
15.exd4 Nd5f4
16.Be2b5 a6
17.Bb5xd7 Qd8xd7
18.Nd2e4 Qd7d5
19.Rf1e1 f5
20.Ne4c3 Qd5d7
21.Nf3e5 Bg7xe5
22.dxe5 Qd7c6
23.f3 Nf4xg2
24.Nc3d5 exd5
25.Rd1c1 Qc6b5
26.Kxg2 Rc8xc1
27.Qb1xc1 Rf8c8
28.Qc1d1 Rc8c5
29.Bb2d4 Rc5c8
30.e6 Bb7c6
31.Qd1c1 Qb5d3
32.e7 Qd3xd4
33.Qc1xc6 Rc8xc6
34.e8Q Kg7
35.Re1e7 Kh6
36.Qe8xc6 Qd4d2
37.Kh3 Qd2d1
38.Qc6xb6 Qd1xf3
39.Kh4 Qf3g4

0-1

[Event "Match"]
[Site "www.echecsemail.com"]
[Date "2019.11.15"]
[Round "1"]
[White "Said13"]
[Black "Hundegana"]
[WhiteElo "1809"]
[BlackElo "2050"]
[Result "1-0"]
[Round "1"]
1.c4 f5
2.Nb1c3 g6
3.g3 Bf8g7
4.Bf1g2 c6
5.e4 e6
6.exf5 exf5
7.d4 Qd8e7
8.Ng1e2 Ng8f6
9.O-O O-O
10.d5 d6
11.Bc1g5 h6
12.Bg5xf6 Bg7xf6
13.Ne2f4 Qe7f7
14.dxc6 bxc6
15.Qd1xd6 Qf7xc4
16.Nf4xg6 Qc4f7
17.Qd6xf8 Qf7xf8
18.Ng6xf8 Kxf8
19.Ra1c1 a5
20.Nc3a4 Ra8a7
21.Bg2xc6 Ra7c7
22.Bc6g2 Rc7xc1
23.Rf1xc1 Bc8e6
24.Na4c3 Kf7
25.b3 Nb8a6
26.Bg2d5 Na6b4
27.Bd5xe6 Kxe6
28.a3 Nb4d3
29.Rc1c2 h5
30.Rc2e2 Kf7
31.Nc3d5 Bf6g5
32.b4 axb4
33.axb4 h4
34.f4 Bg5d8
35.b5 hxg3
36.hxg3 Nd3c5
37.b6 Nc5b7
38.Kg2 Nb7c5
39.Kf3 Nc5e4
40.b7 Ke6
41.b8Q Bd8e7
42.Qb8e5 Kf7
43.Qe5xe7 Kg6
44.Re2h2 Ne4xg3
45.Qe7h7 { resign }
1-0

[Event "Match"]
[Site "www.echecsemail.com"]
[Date "2019.11.15"]
[Round "1"]
[White "Calponas"]
[Black "Apdash"]
[WhiteElo "2150"]
[BlackElo "2180"]
[Result "0-1"]
[Round "1"]
1.e4 e5
2.Ng1f3 Nb8c6
3.Bf1b5 d6
4.d4 exd4
5.Nf3xd4 Bc8d7
6.Nb1c3 Nc6xd4
7.Qd1xd4 Bd7xb5
8.Nc3xb5 a6
9.Nb5c3 Ng8f6
10.Bc1g5 Bf8e7
11.O-O-O O-O
12.Rh1e1 Nf6d7
13.Bg5e3 c5
14.Qd4d2 Nd7e5
15.b3 c4
16.h3 cxb3
17.cxb3 Qd8a5
18.Nc3d5 Qa5a3
19.Kb1 Be7d8
20.Qd2b2 Qa3a5
21.f4 Ne5d7
22.Be3d2 Qa5b5
23.Bd2c3 f6
24.g4 Nd7c5
25.h4 Nc5d3
26.Qb2d2 Nd3xe1
27.Qd2xe1 Ra8c8
28.Kb2 Rf8e8
29.g5 fxg5
30.hxg5 Qb5d7
31.Qe1g3 Re8xe4
32.Qg3f3 Qd7e6
 { time }
0-1

[Event "Match"]
[Site "www.echecsemail.com"]
[Date "2019.11.15"]
[Round "1"]
[White "Coraza"]
[Black "Whitekknight"]
[WhiteElo "1720"]
[BlackElo "1910"]
[Result "0-1"]
[Round "1"]
1.e4 e5
2.Ng1f3 Nb8c6
3.Bf1c4 h6
4.Nf3g1 Qd8f6
5.Ng1f3 d6
6.Bc4b5 Bc8d7
7.O-O a6
8.Bb5xc6 Bd7xc6
9.Nb1c3 Qf6e6
10.Rf1e1 Ng8f6
11.d4 Qe6g4
12.dxe5 Nf6xe4
13.h3 Ne4xc3
14.bxc3 Qg4d7
15.exd6 Kd8
16.Re1e2 cxd6
17.Re2d2 Bf8e7
18.Nf3d4 Be7g5
19.Rd2d3 Bc6e4
20.Rd3g3 Bg5f6
21.Nd4e2 Bf6e5
22.f4 Be5f6
23.Rg3e3 Be4c6
24.Bc1a3 Kc7
25.Ne2g3 Rh8e8
26.Re3d3 Bc6b5
27.Ba3xd6 Kc8
28.Rd3d2 Bf6xc3
29.Bd6e5 Bc3xd2
30.Kh1 f6
31.Qd1g4 Qd7xg4
32.hxg4 fxe5
33.Ra1d1 Bd2xf4
34.Ng3h5 Re8e7
35.Rd1d5 Bf4g5
36.Rd5c5 Bb5c6
37.Nh5g3 Bg5e3
38.Rc5c4 Kd7
39.Ng3f5 Re7f7
40.Nf5xe3 Ra8c8
41.Rc4b4 Bc6e4
42.c4 Rc8c7
43.Ne3d1 Rf7f1
44.Kh2 Rf1xd1
45.c5 Be4d5
46.a4 Bd5c6
47.Kh3 g5
48.Rb4b2 Bc6xa4
49.Rb2e2 Rc7xc5
50.Re2b2 Rd1h1
51.Kg3 Rc5c3
52.Kf2 Ba4c6
53.Rb2d2 Ke6
{ resign }
0-1

[Event "Tourn. n10245"]
[Site "www.echecsemail.com"]
[Date "2019.11.15"]
[Round "1"]
[White "Cal"]
[Black "Nokia"]
[WhiteElo "1760"]
[BlackElo "1889"]
[Result "1-0"]
[Round "1"]
1.b4 f5
2.Ng1f3 Ng8f6
3.h3 g6
4.Bc1b2 Bf8g7
5.d4 O-O
6.Nb1d2 d6
7.e3 Rf8e8
8.Bf1c4  { time }
1-0

[Event "Tourn. n10248"]
[Site "www.echecsemail.com"]
[Date "2019.11.15"]
[Round "1"]
[White "Fantomas"]
[Black "Apdash"]
[WhiteElo "2120"]
[BlackElo "2230"]
[Result "0-1"]
[Round "1"]
1.e4 c5
2.Ng1f3 Nb8c6
3.Bf1c4 e6
4.Nb1c3 a6
5.a3 b5
6.Bc4a2 Bc8b7
7.d4 cxd4
8.Nc3e2 Bf8c5
9.e5 Ng8e7
10.Bc1f4 Ne7g6
11.Bf4g3 Qd8c7
12.O-O Ng6xe5
13.Nf3xd4 Nc6xd4
14.Ne2xd4 O-O
15.Rf1e1 Bc5xd4
16.Qd1xd4 Qc7c6
17.f3 Ne5xf3
{ resign }
0-1

[Event "Tourn. n10219"]
[Site "www.echecsemail.com"]
[Date "2019.11.15"]
[Round "1"]
[White "Tartan"]
[Black "Sae80"]
[WhiteElo "2460"]
[BlackElo "2359"]
[Result "1/2-1/2"]
[Round "1"]
1.e4 c5
2.Ng1f3 d6
3.d4 cxd4
4.Nf3xd4 Ng8f6
5.Nb1c3 a6
6.a4 e6
7.Bf1e2 Bf8e7
8.O-O O-O
9.f4 Qd8c7
10.Qd1e1 Nb8c6
11.Bc1e3 Nc6xd4
12.Be3xd4 e5
13.Bd4e3 exf4
14.Be3xf4 Bc8e6
15.Qe1g3 Nf6d7
16.Bf4h6 Qc7c5
17.Kh1 Qc5e5
18.Bh6f4 Qe5c5
19.Bf4e3 Qc5e5
20.Be3f4 Qe5c5
21.Bf4e3 Qc5e5
22.Be3f4 
1/2-1/2

[Event "Match"]
[Site "www.echecsemail.com"]
[Date "2019.11.16"]
[Round "1"]
[White "Gimmyg"]
[Black "Said13"]
[WhiteElo "2560"]
[BlackElo "1809"]
[Result "1/2-1/2"]
[Round "1"]
1.Nb1c3 Ng8f6
2.e4 d6
3.d4 g6
4.Bf1e2 Bf8g7
5.Ng1f3 O-O
6.O-O c5
7.d5 Nb8d7
8.h3 a6
9.a4 Qd8c7
10.a5 b5
11.axb6 Nd7xb6
12.Bc1f4 Bc8b7
13.Qd1d2 Rf8b8
14.Bf4h6 e6
15.Bh6xg7 Kxg7
16.Rf1d1 exd5
17.exd5 Nb6xd5
18.Nc3xd5 Bb7xd5
19.Nf3h2 Bd5b7
20.Nh2g4 Nf6xg4
21.Be2xg4 Rb8e8
22.Qd2c3 Kg8
23.b3 h5
24.Bg4f3 Re8e6
25.Bf3xb7 Qc7xb7
26.Ra1a4 Qb7b5
27.Qc3g3 Ra8e8
28.Qg3c3 Qb5e2
29.Ra4a1 h4
30.Rd1d3 Qe2e4
31.Qc3d2 { draw }
1/2-1/2

[Event "Match"]
[Site "www.echecsemail.com"]
[Date "2019.11.16"]
[Round "1"]
[White "Ditto"]
[Black "Calponas"]
[WhiteElo "1820"]
[BlackElo "2060"]
[Result "1-0"]
[Round "1"]
1.d4 f5
2.c4 Ng8f6
3.Ng1f3 g6
4.Bc1g5 Bf8g7
5.e3 O-O
6.Qd1b3 d5
7.cxd5 Nf6xd5
8.Bf1c4 c6
9.Nb1d2 Kh8
10.O-O Nd5b6
11.Bc4d3 Nb8d7
12.Bg5h4 c5
13.d5 c4
14.Bd3xc4 Nb6xc4
15.Nd2xc4 Nd7c5
16.Qb3d1 b5
17.Nc4a3 a6
18.Ra1b1 Bc8b7
19.Na3c2 Nc5e4
20.Nc2b4 Ra8c8
21.Nf3e1 g5
22.Bh4g3 a5
23.Nb4c2 Bb7xd5
24.Nc2d4 Bd5xa2
25.Rb1a1 Ba2c4
26.Ne1d3 Ne4xg3
27.fxg3 e5
28.Nd4e2 Qd8xd3
29.Rf1e1 Qd3xe3
30.Kh1 Rf8d8
31.Qd1c2 Bc4xe2
32.Qc2xe2 Qe3xe2
33.Re1xe2 e4
34.Kg1 a4
35.Ra1f1 Bg7d4
36.Kh1 Kg7
37.h3 Kg6
38.g4 fxg4
39.hxg4 Rd8f8
40.Rf1d1 Rc8c4
41.Kh2  { time }
1-0

[Event "Tourn. n10190"]
[Site "www.echecsemail.com"]
[Date "2019.11.16"]
[Round "1"]
[White "Tartan"]
[Black "Galiany17"]
[WhiteElo "2470"]
[BlackElo "2390"]
[Result "0-1"]
[Round "1"]
1.e4 c5
2.Ng1f3 Nb8c6
3.d4 cxd4
4.Nf3xd4 e5
5.Nd4b5 d6
6.Nb1c3 a6
7.Nb5a3 b5
8.Nc3d5 Ng8f6
9.Bc1g5 Bf8e7
10.Bg5xf6 Be7xf6
11.c3 O-O
12.Na3c2 Bf6g5
13.a4 bxa4
14.Ra1xa4 a5
15.Bf1c4 Ra8b8
16.Ra4a2 Kh8
17.O-O f5
18.exf5 Bc8xf5
19.Nc2e3 Bf5d7
20.Qd1d3 Bd7e6
21.Rf1d1 Qd8d7
22.b3 Qd7f7
23.Rd1d2 Rb8b7
24.Rd2e2 g6
25.Re2e1 Bg5h6
26.Re1d1 Rb7b8
27.Ne3f1 a4
28.bxa4 Nc6a5
29.Bc4b5 Na5b3
30.Nf1e3 Nb3c5
31.Qd3c4 Bh6xe3
32.fxe3 Qf7f5
33.Ra2a1 Qf5g5
34.Rd1e1 h5
35.e4 Rf8f4
36.Re1e2 Rb8c8
37.Ra1e1 Nc5xe4
38.Qc4xc8 Be6xc8
39.Nd5xf4 Ne4xc3
40.Re2c2 Qg5xf4
41.Rc2xc3 Qf4d4
42.Re1e3 Qd4d1
43.Kf2 Qd1d2
44.Kg1 Bc8f5
45.Rc3a3 d5
46.Bb5f1 e4
47.a5 d4
48.Re3e2 Qd2c1
49.Re2a2 e3
50.a6 e2
{ resign }
0-1

[Event "1/128 Finale"]
[Site "www.chess-mail.com"]
[Date "2019.11.16"]
[Round "1"]
[White "Cal"]
[Black "Ff333"]
[WhiteElo "1800"]
[BlackElo "2030"]
[Result "0-1"]
[Round "1"]
1.c4 e5
2.e4 Ng8f6
3.d3 Bf8c5
4.a3 O-O
5.Bc1g5 h6
6.Bg5xf6 Qd8xf6
7.Ng1f3 Qf6b6
8.h3 Bc5xf2
9.Kd2 Qb6xb2
10.Qd1c2 Qb2xa1
11.Bf1e2 Nb8c6
12.Rh1d1 Nc6d4
13.Nf3xd4 exd4
14.Be2f3 Bf2e3
15.Ke2 Be3g5
16.g3 Bg5e7
17.Qc2b3 a5
18.e5 c6
19.a4 Be7b4
20.Qb3c2 Rf8e8
21.Kf1 Re8xe5
22.Bf3e4 d5
23.cxd5 Bc8xh3
24.Kf2 Ra8e8
25.dxc6 bxc6
26.Qc2xc6 Qa1b2
27.Kf3 Qb2g2
28.Kf4 g5
{ resign }
0-1

[Event "Fast Game"]
[Site "www.echecsemail.com"]
[Date "2019.11.16"]
[Round "1"]
[White "Apdash"]
[Black "Esperanza"]
[WhiteElo "1930"]
[BlackElo "1930"]
[Result "1-0"]
[Round "1"]
1.e4 e5
2.Ng1f3 Nb8c6
3.Bf1b5 a6
4.Bb5a4 Ng8f6
5.O-O Bf8e7
6.Nb1c3 b5
7.Ba4b3 O-O
8.Rf1e1 d6
9.d4 exd4
10.Nf3xd4 Nc6xd4
11.Qd1xd4 c5
12.Qd4d3 c4
13.Bb3xc4 bxc4
14.Qd3xc4 Bc8e6
15.Nc3d5 Be6xd5
16.exd5 Nf6d7
17.Bc1f4 Rf8e8
18.Qc4c6 Nd7f6
19.b3 Ra8c8
20.Qc6xa6 Nf6xd5
21.Bf4g3 Rc8xc2
22.a4 Nd5b4
23.Qa6b5 d5
24.Bg3d6 Nb4c6
25.Qb5xd5 Be7xd6
26.Re1xe8 Qd8xe8
27.Qd5xd6 h6
28.b4 Rc2a2
29.Qd6d1 Ra2xa1
30.Qd1xa1 Nc6xb4
31.h3 Qe8c6
32.Qa1a3 Qc6b6
33.a5 Qb6b5
34.g4 Qb5c4
35.Qa3a4 Qc4c1
{ time. }
1-0

[Event "Tourn. n10199"]
[Site "www.echecsemail.com"]
[Date "2019.11.17"]
[Round "1"]
[White "Churrasca"]
[Black "Kevinking"]
[WhiteElo "2030"]
[BlackElo "1990"]
[Result "1-0"]
[Round "1"]
1.e4 e6
2.d4 d5
3.Nb1d2 Ng8f6
4.Bf1d3 c5
5.c3 Nb8c6
6.Ng1f3 Bf8e7
7.O-O cxd4
8.cxd4 O-O
9.e5 Nc6b4
10.Bd3b1 Nf6e8
11.a3 Nb4c6
12.b4 f5
13.exf6 Ne8xf6
14.Bc1b2 Be7d6
15.h3 Bc8d7
16.Qd1e2 Qd8e8
17.Rf1e1 Ra8d8
18.b5 Nc6a5
19.a4 h6
20.Nf3e5 Bd6xe5
21.dxe5 Nf6h7
22.Qe2d3 Nh7g5
23.h4 Ng5e4
24.Nd2xe4 dxe4
25.Qd3xe4 g6
26.Qe4xg6 Qe8xg6
27.Bb1xg6 Rd8c8
28.Ra1d1 Rc8c2
29.Rd1xd7 Rc2xb2
30.f3 Rf8f4
31.h5 Rf4xa4
32.Bg6f7 Kf8
33.Bf7xe6 Na5c4
34.Be6xc4 Ra4xc4
35.e6 Rc4c2
36.Rd7f7 Ke8
37.Rf7g7 Rb2xb5
38.g4 Rb5b2
39.Re1a1 Rc2h2
40.Ra1xa7 Rh2g2
41.Kf1 Rb2f2
42.Ke1 Rf2xf3
43.Ra7a8 { resign }
1-0

[Event "Tourn. n10187"]
[Site "www.echecsemail.com"]
[Date "2019.11.17"]
[Round "1"]
[White "Ff333"]
[Black "Fantomas"]
[WhiteElo "2060"]
[BlackElo "2160"]
[Result "0-1"]
[Round "1"]
1.e4 c5
2.Bf1c4 Nb8c6
3.Qd1h5 e6
4.f4 Ng8f6
5.Qh5e2 Nc6d4
6.Qe2d3 d5
7.exd5 Nf6xd5
8.Bc4b5 Bc8d7
9.Bb5xd7 Qd8xd7
10.Ng1f3 Nd5xf4
11.Qd3e4 Nf4g6
12.Nf3xd4 cxd4
13.O-O Bf8c5
14.d3 O-O
15.a3 f5
16.Qe4e2 e5
17.Kh1 Ra8e8
18.Nb1d2 Qd7d5
19.Qe2h5 Ng6f4
20.Qh5f3 Qd5xf3
21.Nd2xf3 Nf4d5
22.Bc1d2 e4
23.dxe4 fxe4
24.Nf3g5 e3
25.Rf1xf8 Bc5xf8
26.Bd2e1 Bf8c5
27.Ng5f3 Nd5f4
28.g3 Nf4e6
29.Ra1d1 Re8d8
30.Nf3e5 a6
31.Ne5d3 Bc5a7
32.Kg2 Rd8c8
33.c3 b5
34.Nd3e5 Kf8
35.Kf3 g6
36.cxd4 Ba7xd4
37.Be1b4 Kg7
38.Ne5d3 Rc8d8
39.Ke2 Bd4b6
40.Bb4c3 Kh6
41.Rd1f1 Rd8f8
42.Bc3f6 Rf8c8
43.Bf6c3 Ne6g5
44.Rf1c1 Rc8f8
45.Nd3f4 Ng5e4
46.Bc3b4 Rf8b8
47.Rc1c6 a5
48.Bb4e7 Bb6d4
49.Nf4d5 Rb8e8
50.Rc6e6 Re8c8
51.Re6xe4 Bd4xb2
52.Nd5xe3 Kg7
53.h4 Kf7
54.Kf3 Rc8c3
55.Kg4 Bb2xa3
56.Be7xa3 Rc3xa3
57.Kg5 b4
58.g4 b3
59.Ne3c4 Ra3a1
60.Nc4b2 Ra1a2
61.Nb2a4 Ra2xa4
62.Re4e3 b2
63.Re3b3 Ra4b4
{ resign }
0-1

[Event "Tourn. n10234"]
[Site "www.echecsemail.com"]
[Date "2019.11.17"]
[Round "1"]
[White "Biohazard"]
[Black "Numanoid"]
[WhiteElo "2860"]
[BlackElo "2740"]
[Result "0-1"]
[Round "1"]
1.d3 b5
2.c3 Bc8b7
3.a4 a6
4.e4 e6
5.axb5 axb5
6.Ra1xa8 Bb7xa8
7.Ng1f3 Ng8f6
8.b4 d6
9.Nb1a3 c6
10.g3 Bf8e7
11.Bf1g2 O-O
12.O-O Nb8d7
13.Qd1e2 Qd8c7
 { time }
0-1

[Event "Tourn. n10223"]
[Site "www.echecsemail.com"]
[Date "2019.11.17"]
[Round "1"]
[White "D4minance"]
[Black "Numanoid"]
[WhiteElo "2850"]
[BlackElo "2770"]
[Result "1/2-1/2"]
[Round "1"]
1.d4 d5
2.c4 dxc4
3.e4 e5
4.Ng1f3 exd4
5.Bf1xc4 Nb8c6
6.O-O Bc8e6
7.Bc4xe6 fxe6
8.Qd1b3 Qd8d7
9.Qb3xb7 Ra8b8
10.Qb7a6 Ng8f6
11.Nb1d2 Bf8d6
12.a3 O-O
13.b4 Nf6g4
14.g3 Nc6e5
15.Nf3xe5 Ng4xe5
16.f4 Rb8b6
17.Qa6xa7 Ne5g4
18.e5 Bd6e7
19.Nd2f3 Qd7c6
20.Nf3xd4 Qc6c3
21.Nd4f3 Qc3c6
22.Nf3d4 Qc6c3
{ draw }
1/2-1/2

[Event "Match"]
[Site "www.echecsemail.com"]
[Date "2019.11.17"]
[Round "1"]
[White "Picifarkinca"]
[Black "Andychesston"]
[WhiteElo "1750"]
[BlackElo "1750"]
[Result "1/2-1/2"]
[Round "1"]
1.e4 e5
2.Bf1c4 Nb8c6
3.Ng1f3 d6
4.d4 Bc8g4
5.d5 Nc6d4
6.Bc4e2 Ng8f6
7.Nf3xd4 exd4
8.Be2xg4 c5
9.O-O Bf8e7
10.Rf1e1 h5
11.Bg4h3 b5
12.c4 a6
13.Qd1e2 b4
14.Bc1f4 h4
{ draw }
1/2-1/2

[Event "Tourn. n10194"]
[Site "www.echecsemail.com"]
[Date "2019.11.17"]
[Round "1"]
[White "Rons"]
[Black "Numanoid"]
[WhiteElo "2640"]
[BlackElo "2750"]
[Result "0-1"]
[Round "1"]
1.e4 e6
2.d4 d5
3.Nb1c3 Ng8f6
4.e5 Nf6d7
5.f4 c5
6.Ng1f3 Nb8c6
7.Bc1e3 a6
8.Qd1d2 b5
9.Nc3d1 Bf8e7
10.c3 O-O
11.Bf1e2 c4
12.O-O a5
13.Qd2c2 f5
14.exf6 Nd7xf6
15.Nf3e5 Bc8d7
16.Nd1f2 Bd7e8
17.Be2f3 b4
18.Nf2h3 Ra8a6
19.Nh3g5 Qd8c8
20.Bf3e2 a4
21.Rf1c1 Ra6b6
22.Rc1b1 Nc6xe5
23.dxe5 Be8g6
24.Qc2c1 Nf6d7
25.Be3xb6 Nd7xb6
26.Be2g4 Be7xg5
27.fxg5 Bg6xb1
28.Ra1xb1 a3
29.cxb4 d4
30.bxa3 Nb6d5
31.g6 c3
32.Qc1d1 c2
33.Bg4xe6 Qc8xe6
34.Qd1xc2 Qe6xe5
35.Qc2d2 hxg6
36.a4 Nd5c3
37.Rb1e1 Qe5f6
38.h3 d3
39.Kh2 Qf6f4
{ resign }
0-1

[Event "Tourn. n10232"]
[Site "www.echecsemail.com"]
[Date "2019.11.17"]
[Round "1"]
[White "Obisporey"]
[Black "D4minance"]
[WhiteElo "2570"]
[BlackElo "2870"]
[Result "0-1"]
[Round "1"]
1.e4 c5
2.Ng1f3 d6
3.d4 cxd4
4.Nf3xd4 Ng8f6
5.Nb1c3 a6
6.Bf1e2 e6
7.f4 Qd8c7
8.g4 d5
9.exd5 Nf6xd5
10.Nc3xd5 exd5
11.Qd1d3 Nb8c6
12.Nd4xc6 bxc6
13.Qd3c3 c5
14.Qc3e5 Qc7xe5
15.fxe5 Bf8e7
16.O-O Bc8e6
17.g5 h6
18.gxh6 gxh6
19.Kh1 d4
20.b3 Kd7
21.Bc1f4 Be7g5
22.Bf4g3 Ke7
23.Be2f3 Ra8c8
24.Bf3e4 h5
25.Bg3f2 h4
26.Ra1e1 Rc8g8
27.Be4f3 h3
28.Re1e2 Bg5h4
29.Bf2g1 Rg8g5
30.Bf3b7 Kd7
31.c3 Kc7
32.Bb7e4 Rg5xe5
33.Be4f3 Re5f5
34.cxd4 Rf5xf3
35.Rf1xf3 Be6d5
{ resign }
0-1

[Event "Tourn. n10235"]
[Site "www.echecsemail.com"]
[Date "2019.11.17"]
[Round "1"]
[White "Iko"]
[Black "Jjmcbride"]
[WhiteElo "1800"]
[BlackElo "1770"]
[Result "1-0"]
[Round "1"]
1.e4 e5
2.Ng1f3 Ng8f6
3.d4 d5
4.exd5 Bf8b4
5.c3 Bb4a5
6.Nf3xe5 Qd8xd5
7.Bf1c4 Qd5e4
8.Bc1e3 Bc8e6
9.Bc4xe6 fxe6
10.Qd1a4  { time }
1-0

[Event "Tourn. n10233"]
[Site "www.echecsemail.com"]
[Date "2019.11.17"]
[Round "1"]
[White "Hansen"]
[Black "Cal"]
[WhiteElo "1650"]
[BlackElo "1700"]
[Result "0-1"]
[Round "1"]
1.e4 e5
2.a3 a6
3.Nb1c3 Nb8c6
4.Qd1f3 Ng8f6
5.g4 d6
6.Bf1c4 Bc8xg4
7.Qf3e3 h6
8.h3 Bg4h5
9.Rh1h2 b5
10.Bc4d5 Qd8d7
11.b4 Ra8d8
12.a4 Nc6xb4
13.Bd5b3 c5
14.Nc3d5 Nf6xd5
15.exd5 Bf8e7
16.Bc1b2 O-O
17.Rh2g2 Kh7
18.Qe3e4 Bh5g6
19.Qe4e3 Bg6xc2
20.Bb3a2 f5
21.Ra1c1 Nb4d3
22.Ke2 Nd3xb2
23.Rc1xc2 Be7g5
24.Qe3g3 Nb2xa4
25.h4 Bg5f6
26.Qg3g6 Kh8
27.Ba2b3 Na4b6
28.Ng1f3 c4
29.Bb3a2 Rf8f7
30.d3 Nb6xd5
31.dxc4 Nd5f4
32.Kf1 e4
33.Nf3d2 Nf4xg6
34.h5 Ng6f4
35.cxb5 Qd7xb5
36.Ba2c4 Qb5a4
37.Rc2a2 Qa4d1
{ resign }
0-1

[Event "Tourn. n10233"]
[Site "www.echecsemail.com"]
[Date "2019.11.17"]
[Round "1"]
[White "Picifarkinca"]
[Black "Passaroa25"]
[WhiteElo "1750"]
[BlackElo "1650"]
[Result "1-0"]
[Round "1"]
1.d4 Nb8c6
2.c4 Ng8f6
3.Nb1c3 d6
4.e4 g6
5.f3 e6
6.Bc1e3 Nf6d7
7.Ng1e2 Bf8e7
8.Qd1d2 O-O
9.O-O-O h5
10.g3 Nc6a5
11.b3 Na5c6
{ time. }
1-0

[Event "Tourn. n10220"]
[Site "www.echecsemail.com"]
[Date "2019.11.17"]
[Round "1"]
[White "Kevinking"]
[Black "Cirovicz"]
[WhiteElo "2010"]
[BlackElo "2080"]
[Result "0-1"]
[Round "1"]
1.c4 e5
2.Nb1c3 Nb8c6
3.Ng1f3 d6
4.g3 f5
5.d3 Ng8f6
6.Bf1g2 Bc8d7
7.Bc1g5 Bf8e7
8.Bg5xf6 Be7xf6
9.Nc3d5 Bd7e6
10.Nd5xf6 Qd8xf6
11.Qd1d2 O-O-O
12.O-O h6
13.b4 e4
14.Nf3e1 g5
15.Ne1c2 exd3
16.exd3 f4
17.Qd2e2 Rd8e8
18.Qe2d2 f3
19.Rf1b1 fxg2
20.b5 Nc6d4
21.Nc2xd4 h5
22.a4 Qf6xd4
23.a5 h4
24.Qd2xg5 hxg3
25.hxg3 Qd4xd3
26.Qg5e3 Rh8h1
27.Kxg2 Qd3xe3
28.fxe3 Rh1xb1
{ resign }
0-1

[Event "Tourn. n10236"]
[Site "www.echecsemail.com"]
[Date "2019.11.17"]
[Round "1"]
[White "Esperanza"]
[Black "Libiesse"]
[WhiteElo "2110"]
[BlackElo "2010"]
[Result "0-1"]
[Round "1"]
1.e4 c5
2.Ng1f3 e6
3.d4 cxd4
4.Nf3xd4 a6
5.Nb1c3 Qd8c7
6.Bf1e2 Ng8f6
7.O-O Nb8c6
8.Bc1e3 Bf8e7
9.f4 d6
10.Qd1e1 b5
11.a3 Bc8b7
12.Qe1g3 g6
13.f5 gxf5
14.Be2f3 Nc6xd4
15.Be3xd4 e5
16.Bd4f2 Rh8g8
17.Qg3h4 Nf6xe4
18.Qh4xh7 Ne4f6
19.Qh7h3 e4
{ resign }
0-1

[Event "Tourn. n10226"]
[Site "www.echecsemail.com"]
[Date "2019.11.17"]
[Round "1"]
[White "Claudia"]
[Black "Said13"]
[WhiteElo "2190"]
[BlackElo "2229"]
[Result "0-1"]
[Round "1"]
1.d4 Ng8f6
2.c4 g6
3.Nb1c3 Bf8g7
4.e4 d6
5.h3 O-O
6.Bc1g5 h6
7.Bg5e3 e5
8.d5 Nb8d7
9.Bf1d3 Nf6h5
10.Qd1d2 Kh7
11.Ng1f3 Nh5f4
12.Be3xf4 exf4
13.Qd2xf4 Nd7c5
14.Qf4d2 f5
15.O-O Bg7xc3
16.Qd2xc3 fxe4
{ resign }
0-1

[Event "Match"]
[Site "www.echecsemail.com"]
[Date "2019.11.17"]
[Round "1"]
[White "Whitekknight"]
[Black "Llord"]
[WhiteElo "1920"]
[BlackElo "1980"]
[Result "0-1"]
[Round "1"]
1.e4 e5
2.Ng1f3 Nb8c6
3.Bf1c4 h6
4.Nb1c3 Ng8f6
5.d3 Bf8b4
6.Bc1d2 O-O
7.O-O Nc6d4
8.Nf3xe5 d6
9.Ne5f3 Nd4xf3
10.Qd1xf3 Bc8g4
11.Qf3e3 Bb4c5
12.Qe3e1 Qd8d7
13.Bd2e3 Bg4e6
14.Be3xc5 dxc5
15.Qe1e3 Nf6g4
16.Qe3xc5 b6
17.Qc5a3 c5
18.Bc4xe6 fxe6
19.b3 Rf8f6
20.Qa3c1 Qd7f7
21.Qc1d2 Ra8f8
22.f3 h5
23.Qd2e2 Ng4e5
24.Rf1f2 Ne5g4
25.Rf2f1 Ng4e5
26.Rf1f2 Qf7g6
27.Ra1f1 h4
28.Kh1 Qg6h5
29.Kg1 Rf6g6
30.Kh1 h3
31.gxh3 Qh5xh3
32.Rf2g2 Rg6xg2
33.Qe2xg2 Qh3xg2
34.Kxg2 Ne5g6
35.Nc3e2 Ng6e5
36.Ne2g3 Kh7
37.Ng3e2 Kh6
38.Ne2g3 g6
39.Ng3e2 Kh5
40.Ne2f4 Kh4
41.Kf2 Rf8xf4
42.Ke3 Rf4f8
43.Rf1f2 Ne5c6
44.f4 g5
45.f5 exf5
46.exf5 Nc6d4
47.c3 Nd4xf5
48.Ke2 Kg4
49.Ke1 Rf8e8
50.Kd2 Nf5h4
51.Rf2f7 Nh4f3
52.Kd1 Re8e1
53.Kc2 Re1e2
54.Kb1 Re2xh2
55.Rf7xa7 Nf3e5
56.Ra7b7 Ne5xd3
57.Rb7xb6 Kf3
58.Rb6f6 Ke2
59.Rf6e6 Kd2
60.a4 Kxc3
61.Ka1 Kxb3
62.Re6b6 Nd3b4
63.a5 Rh2h1

0-1

[Event "1/8 Finale"]
[Site "www.chess-mail.com"]
[Date "2019.11.17"]
[Round "1"]
[White "Jose"]
[Black "Nimzo"]
[WhiteElo "2810"]
[BlackElo "2690"]
[Result "1/2-1/2"]
[Round "1"]
1.d4 Ng8f6
2.c4 e6
3.Nb1c3 Bf8b4
4.Ng1f3 d5
5.Bc1g5 h6
6.Bg5xf6 Qd8xf6
7.e3 O-O
8.Ra1c1 dxc4
9.Bf1xc4 c5
10.O-O cxd4
11.Nf3xd4 Bc8d7
12.Nc3e4 Qf6e7
13.Bc4d3 Nb8c6
14.Nd4b3 Nc6a5
15.Rc1c7 Rf8d8
16.Nb3xa5 Bb4xa5
17.Rc7xb7 Qe7f8
18.Qd1h5 Ba5b6
19.Ne4g5 Ra8c8
20.Bd3h7 Kh8
21.Bh7b1 { draw }
1/2-1/2